000 00607nam a22002297a 4500
003 UA-OsUOA
001 22753
007 ta
008 20031224b un ||||| |||| 00| 0 ukr d
090 _a22.04
_bН76
942 _cBK
040 _aUA-OsUOA
_brus
_cUA-OsUOA
_dUA-OsUOA
245 _aНовый Завет
_c570 Отв. исполн. В. К.Сорокин В. В.Серебренников
300 _a367 с.
_bІлюстрації
955 _a0
041 _arus
080 _a22.04
260 _aМосква
_bПротестант
_c1991
044 _aRU
650 7 _2UDC
999 _c308981
_d308981